| 000 | 00620nam a2200205Ia 4500 | ||
|---|---|---|---|
| 003 | GCL | ||
| 008 | 140319s9999 xx 000 0 ara d | ||
| 040 |
_aGCL / _cGCL |
||
| 082 | 0 | 4 |
_a910.3 _bا م |
| 100 | 1 | _aمحمد الاعور | |
| 245 | 1 | 0 |
_aمعجم المصطلحات الجغرافية الجديد / _cمحمد الاعور |
| 700 | 1 | _aابوالقاسم العرابى | |
| 260 |
_a[S.N] : _bمعهد الانتماء العربى ، _c1985 |
||
| 300 | _a421 ص | ||
| 490 | _a | ||
| 650 | 0 | 4 | _aالمعاجم |
| 650 | 0 | 4 | _aالجغرافيا |
| 650 | 0 | 4 | _aتقاويم البلدان |
| 942 |
_2ddc _cBK |
||
| 999 |
_c34654 _d34654 |
||